000 00612nam a22001937a 4500
005 20241127122227.0
010 _aENG-142657
020 _c1280.00
_a9788197519086
035 _aEN-126189
037 _bDBAD
082 _a355.00954
_21
245 _aThe Diplomatic Dimensions of Military History/
_cEdited By Anubhav Roy
250 _a1
260 _aNew Delhi
_bKW Publishers Pvt Ltd
_c2025
270 _bNew Delhi
_aKW Publishers Pvt Ltd;
_e110002
_k91 1143528107
_k91 1143528107
300 _a90p.
_c22cm(hb)
700 _aRoy, Anubhav
_eEditor
_974121
942 _2ddc
_cEN
_h355.00954
_mROY
999 _c207061
_d207061